[Event "Issy les Moulineaux tt"]
[Site "Issy les Moulineaux"]
[Date "2008.10.19"]
[Round "1.2"]
[White "Petitpas, Franck"]
[Black "Demagnee, Arnaud"]
[Result "1/2-1/2"]
[WhiteElo "2165"]
[BlackElo "2132"]
[PlyCount "129"]
[EventDate "2008.10.19"]
[EventType "team-tourn"]
[EventRounds "7"]
[EventCountry "FRA"]
[SourceTitle "EXT 2010"]
[Source "ChessBase"]
[SourceDate "2010.11.25"]
[SourceVersion "1"]
[SourceVersionDate "2010.11.25"]
[SourceQuality "1"]
[WhiteTeam "Canal Saint Martin"]
[BlackTeam "Limeil"]
[WhiteTeamCountry "FRA"]
[BlackTeamCountry "FRA"]

1. Nf3 d5 2. g3 Nf6 3. Bg2 g6 4. d3 Bg7 5. 0-0 0-0 6. Nbd2 Nc6 7. e4 e5 8. Re1 Re8 9. c3 a5 10. Qc2 b6 11. b3 Ba6 12. Bf1 Qe7 13. a3 Rad8 14. Rb1 Qd7 15. c4 dxe4 16. dxe4 Qe7 17. Bb2 Nd7 18. Rbd1 Bb7 19. Nb1 Nc5 20. Nc3 Ne6 21. Nd5 Qc5 22. Qc3 Ncd4 23. b4 axb4 24. axb4 Qd6 25. Nd2 c5 26. b5 f5 27. Bg2 Kh8 28. Ra1 Ra8 29. Qd3 Rf8 30. f3 Bh6 31. Nb3 Bg7 32. Qd1 Rxa1 33. Bxa1 fxe4 34. fxe4 Ra8 35. Bh3 Ng5 36. Bg2 Nge6 37. Bb2 Rf8 38. Bc1 Nxb3 39. Qxb3 Nd4 40. Qd3 h6 41. Rf1 Rxf1+ 42. Qxf1 Kg8 43. Bh3 Qf8 44. Qxf8+ Kxf8 45. Kf2 Bxd5 46. exd5 Ke7 47. Bf1 Kf6 48. Bd3 Bf8 49. Kg2 Nf5 50. g4 Nd6 51. Kg3 g5 52. Kf2 Bg7 53. Ke1 Ke7 54. Kd1 e4 55. Be2 Ba1 56. Ke1 Kf6 57. Kf1 Ke5 58. Be3 Bd4 59. Bc1 Bc3 60. Be3 Bb2 61. Kg2 Bc3 62. h4 Nf7 63. h5 Bd4 64. Bc1 Kf6 65. Kg3 1/2-1/2

[Event "FRA-chT2 0304"]
[Site "France"]
[Date "2004.01.17"]
[Round "5"]
[White "Petitpas, Franck"]
[Black "Ohlund, Nicolas"]
[Result "1-0"]
[WhiteElo "2097"]
[BlackElo "1980"]
[PlyCount "43"]
[EventDate "2003.10.??"]
[EventType "team"]
[EventRounds "11"]
[EventCountry "FRA"]
[SourceTitle "EXT 2005"]
[Source "ChessBase"]
[SourceDate "2004.11.15"]
[SourceVersion "1"]
[SourceVersionDate "2004.11.15"]
[SourceQuality "1"]

1. Nf3 Nf6 2. g3 d5 3. Bg2 c5 4. d3 Nc6 5. Nbd2 e6 6. e4 Be7 7. 0-0 0-0 8. e5 Nd7 9. Re1 b5 10. Nf1 Rb8 11. h4 Qc7 12. Bf4 Re8 13. N1h2 Nf8 14. h5 h6 15. Ng4 Qd8 16. Qd2 Nh7 17. Bf1 Bb7 18. d4 cxd4 19. Bxh6 gxh6 20. Qxh6 Bg5 21. Nxg5 Qxg5 22. Nf6+ 1-0

[Event "Bethune op 24th"]
[Site "Bethune"]
[Date "2003.12.27"]
[Round "2"]
[White "Petitpas, Franck"]
[Black "Sprenger, Jan Michael"]
[Result "0-1"]
[WhiteElo "2097"]
[BlackElo "2493"]
[PlyCount "132"]
[EventDate "2003.12.26"]
[EventType "swiss"]
[EventRounds "9"]
[EventCountry "FRA"]
[SourceTitle "CBM 098 Extra"]
[Source "ChessBase"]
[SourceDate "2004.03.10"]
[SourceVersion "2"]
[SourceVersionDate "2004.03.10"]
[SourceQuality "1"]

1. e4 c5 2. Nf3 e6 3. d3 Nc6 4. g3 d5 5. Nbd2 g6 6. Bg2 Bg7 7. 0-0 Nge7 8. c3 0-0 9. exd5 Nxd5 10. Nb3 b6 11. d4 Ba6 12. Re1 cxd4 13. Nfxd4 Ne5 14. Bf1 Bxf1 15. Kxf1 Rc8 16. Nf3 Nc4 17. Nbd2 b5 18. Nxc4 Rxc4 19. Ne5 Rc8 20. Nd3 Qe7 21. Nf4 Nb6 22. Nd5 Nxd5 23. Qxd5 b4 24. cxb4 Rc2 25. Qd1 Rfc8 26. Re2 Rxe2 27. Qxe2 Qxb4 28. Rb1 Qa5 29. Be3 Qxa2 30. Rd1 Qa4 31. Rd6 Qe4 32. Kg1 Rc1+ 33. Rd1 Bxb2 34. Qd2 Rxd1+ 35. Qxd1 Qa8 36. Qe2 Qb7 37. Bxa7 Qxa7 38. Qxb2 Qc5 39. Qf6 h6 40. h4 Qd5 41. Qf4 Kg7 42. Qe3 e5 43. Qa3 Qd4 44. Kg2 Qd5+ 45. Kg1 Kf6 46. Qc1 h5 47. Qe3 Ke6 48. Qc3 Kf5 49. Qc8+ Ke4 50. Qc3 Qd3 51. Qc6+ Qd5 52. Qc3 Kf5 53. Qc8+ Kf6 54. Qa6+ Qe6 55. Qe2 e4 56. Qe3 Qd5 57. Qf4+ Ke6 58. Qe3 Qd3 59. Qb6+ Kf5 60. Kh2 e3 61. Qc5+ Kg4 62. Qg5+ Kf3 63. Qf4+ Ke2 64. fxe3 f5 65. Qg5 Qe4 66. Qh6 Kf1 0-1

[Event "La Fere op 2nd"]
[Site "La Fere"]
[Date "2003.07.02"]
[Round "7"]
[White "Belkhodja, Slim"]
[Black "Petitpas, Franck"]
[Result "1-0"]
[WhiteElo "2443"]
[BlackElo "2094"]
[PlyCount "59"]
[EventDate "2003.06.28"]
[EventType "swiss"]
[EventRounds "9"]
[EventCountry "FRA"]
[SourceTitle "EXT 2004"]
[Source "ChessBase"]
[SourceDate "2003.11.25"]
[SourceVersion "1"]
[SourceVersionDate "2003.11.25"]
[SourceQuality "1"]

1. e4 c6 2. d4 g6 3. Nf3 Bg7 4. c4 d6 5. Be2 Nf6 6. Nc3 0-0 7. 0-0 Qc7 8. Bf4 Nh5 9. Be3 e5 10. c5 Nf4 11. cxd6 Nxe2+ 12. Qxe2 Qxd6 13. dxe5 Qe7 14. Bg5 Qc7 15. h3 Re8 16. Rac1 Qa5 17. Bf6 Nd7 18. Bxg7 Kxg7 19. Qe3 Nxe5 20. Nxe5 Qxe5 21. f4 Qa5 22. Kh1 f6 23. Rcd1 Qb6 24. Qg3 Qc7 25. e5 f5 26. Rd6 Be6 27. Rfd1 Re7 28. Qf2 Qb6 29. Qh4 Rae8 30. Rxe6 1-0

[Event "La Fere op 2nd"]
[Site "La Fere"]
[Date "2003.06.28"]
[Round "1"]
[White "Petitpas, Franck"]
[Black "Aghamaliyev, Cemil"]
[Result "0-1"]
[WhiteElo "2094"]
[BlackElo "2518"]
[PlyCount "46"]
[EventDate "2003.06.28"]
[EventType "swiss"]
[EventRounds "9"]
[EventCountry "FRA"]
[SourceTitle "EXT 2004"]
[Source "ChessBase"]
[SourceDate "2003.11.25"]
[SourceVersion "1"]
[SourceVersionDate "2003.11.25"]
[SourceQuality "1"]

1. Nf3 Nf6 2. g3 g6 3. Bg2 Bg7 4. d3 d5 5. Nbd2 Nc6 6. 0-0 0-0 7. e4 e5 8. Re1 Re8 9. c3 a5 10. b3 b6 11. Bb2 Ba6 12. c4 dxe4 13. dxe4 Nd7 14. a3 Nc5 15. Bf1 Qe7 16. Qc2 Rad8 17. Rad1 Bb7 18. Be2 Ne6 19. Nb1 Ncd4 20. Nxd4 Nxd4 21. Bxd4 exd4 22. Bd3 f5 23. e5 Qc5 0-1

[Event "FRA-chT3 Gr8 0203"]
[Site "France"]
[Date "2002.12.08"]
[Round "4"]
[White "Derisbourg, Denis"]
[Black "Petitpas, Franck"]
[Result "1-0"]
[WhiteElo "2090"]
[BlackElo "2095"]
[PlyCount "97"]
[EventDate "2002.10.??"]
[EventType "team"]
[EventRounds "9"]
[EventCountry "FRA"]
[SourceTitle "EXT 2005"]
[Source "ChessBase"]
[SourceDate "2004.11.15"]
[SourceVersion "1"]
[SourceVersionDate "2004.11.15"]
[SourceQuality "1"]

1. Nf3 d6 2. c4 e5 3. Nc3 f5 4. d4 e4 5. Ng5 c6 6. d5 c5 7. g3 Be7 8. Nh3 Nf6 9. Bg2 Nbd7 10. 0-0 Ne5 11. f3 exf3 12. exf3 0-0 13. b3 Re8 14. Re1 Bf8 15. Bb2 Bd7 16. Nf4 Qc8 17. Rc1 Rb8 18. Rc2 g5 19. Ne6 Bxe6 20. dxe6 Qxe6 21. Rce2 Qf7 22. Nd5 Nxd5 23. f4 Nb6 24. fxe5 dxe5 25. Bxe5 Rbd8 26. Qa1 Bg7 27. a4 Bxe5 28. Rxe5 a5 29. Qc1 Rxe5 30. Qxg5+ Kf8 31. Qxd8+ Re8 32. Rxe8+ Qxe8 33. Qxb6 Qe1+ 34. Bf1 Qe3+ 35. Kg2 Qe4+ 36. Kf2 Qd4+ 37. Ke2 Qe4+ 38. Kd2 Qd4+ 39. Bd3 Qf2+ 40. Kc3 Qd4+ 41. Kc2 Qf2+ 42. Kb1 Qe1+ 43. Kb2 Qd2+ 44. Bc2 Qd4+ 45. Ka2 Qf2 46. Qf6+ Kg8 47. Qxf5 Qxh2 48. Qc8+ Kg7 49. Qxb7+ 1-0

[Event "FRA-chT2"]
[Site "France"]
[Date "2002.03.24"]
[Round "11.7"]
[White "Petitpas, Franck"]
[Black "Cappon, John"]
[Result "1-0"]
[WhiteElo "2069"]
[BlackElo "2152"]
[PlyCount "97"]
[EventDate "2002.??.??"]
[EventType "team"]
[EventRounds "11"]
[EventCountry "FRA"]
[SourceTitle "EXT 2003"]
[Source "ChessBase"]
[SourceDate "2002.11.25"]
[SourceVersion "1"]
[SourceVersionDate "2002.11.25"]
[SourceQuality "1"]

1. e4 c5 2. Nf3 e6 3. d3 Nc6 4. g3 g6 5. Bg2 Bg7 6. c3 Nge7 7. Be3 b6 8. 0-0 d5 9. exd5 exd5 10. d4 0-0 11. Na3 Nf5 12. Nc2 Be6 13. h4 Qd7 14. Re1 Rac8 15. Rc1 Rfe8 16. Bf4 f6 17. Ne3 Nxe3 18. Bxe3 Bf8 19. Nh2 a5 20. Bf3 f5 21. Bg2 Bf7 22. Nf3 h6 23. Qd2 Kh7 24. Bf4 Bg7 25. Ne5 Nxe5 26. Bxe5 Bxe5 27. Rxe5 Rxe5 28. dxe5 Be6 29. Rd1 Rd8 30. a3 b5 31. f4 Kg7 32. h5 gxh5 33. Bf3 Kh7 34. Bxh5 d4 35. cxd4 cxd4 36. Qxa5 Rg8 37. Qe1 d3 38. Be2 Rd8 39. Rxd3 Qa7+ 40. Qf2 Qxf2+ 41. Kxf2 Rc8 42. Rd6 Bg8 43. Bxb5 Rc2+ 44. Be2 Rxb2 45. Rd7+ Kh8 46. Ke3 Be6 47. Rd6 Rb3+ 48. Kf2 Bg8 49. Rd8 1-0

[Event "Bethune op 22nd"]
[Site "Bethune"]
[Date "2001.12.26"]
[Round "2"]
[White "Petitpas, Franck"]
[Black "Sarakauskas, Gediminas"]
[Result "0-1"]
[WhiteElo "2077"]
[BlackElo "2391"]
[PlyCount "104"]
[EventDate "2001.12.26"]
[EventType "swiss"]
[EventRounds "7"]
[EventCountry "FRA"]
[SourceTitle "CBM 085 Extra"]
[Source "ChessBase"]
[SourceDate "2002.01.21"]
[SourceVersion "1"]
[SourceVersionDate "2002.01.21"]
[SourceQuality "1"]

1. e4 e6 2. d3 c5 3. Nf3 Nc6 4. g3 d6 5. Bg2 Nge7 6. c3 g6 7. Bg5 Bg7 8. Qd2 h6 9. Be3 b5 10. d4 cxd4 11. Nxd4 Ba6 12. 0-0 Ne5 13. Na3 b4 14. cxb4 Bxf1 15. Rxf1 Ng4 16. Ndb5 0-0 17. Bxa7 Nc6 18. Bd4 Nxd4 19. Nxd4 Qb6 20. Nb3 Ra4 21. b5 Rfa8 22. h3 Nf6 23. e5 Nd5 24. Bxd5 exd5 25. Qxd5 dxe5 26. Nc4 Qd8 27. Nd6 Qf8 28. b6 Rd8 29. Rd1 Rd4 30. Nxd4 Rxd6 31. Qb3 exd4 32. a4 d3 33. Rxd3 Rxd3 34. Qxd3 Qb4 35. Qa6 Bd4 36. b7 Qxb2 37. Kh1 Kg7 38. Qc6 Qxf2 39. Qg2 Qxg2+ 40. Kxg2 Ba7 41. Kf3 Kf6 42. Ke4 Ke6 43. a5 f5+ 44. Kf3 Ke5 45. h4 g5 46. hxg5 hxg5 47. a6 g4+ 48. Kg2 Ke4 49. Kh2 Kf3 50. Kh1 f4 51. b8Q Bxb8 52. Kg1 fxg3 0-1

[Event "FRA-chT 9900"]
[Site "France"]
[Date "2000.05.01"]
[Round "11.6"]
[White "Petitpas, Franck"]
[Black "Philippe, Christophe"]
[Result "0-1"]
[WhiteElo "2069"]
[BlackElo "2293"]
[PlyCount "48"]
[EventDate "1999.02.04"]
[EventType "team"]
[EventRounds "11"]
[EventCountry "FRA"]
[SourceTitle "EXT 2001"]
[Source "ChessBase"]
[SourceDate "2000.11.22"]
[SourceVersion "1"]
[SourceVersionDate "2000.11.22"]
[SourceQuality "1"]

1. e4 c5 2. Nf3 Nc6 3. d3 g6 4. g3 Bg7 5. Bg2 e5 6. c3 Nge7 7. Be3 b6 8. Qa4 0-0 9. h4 h5 10. Na3 Bb7 11. 0-0-0 d5 12. Nh2 d4 13. Bd2 dxc3 14. Bxc3 a6 15. Qc2 b5 16. Be1 Nd4 17. Qd2 Rc8 18. Kb1 c4 19. dxc4 bxc4 20. Qc3 Nb5 21. Qc1 Nxa3+ 22. bxa3 Qb6+ 23. Qb2 Qc7 24. Bc3 Rb8 0-1